000 00945nam a2200301Ia 4500
001 A9458
003 IT-RoPAU
008 130308s9999 xx 000 0 und d
040 _aIT-RoPAU
040 _cIT-RoPAU
041 _aFRANCESE
100 _aDe Haes René
100 _gCodice Aut. SPICS: 36772
245 _aAnalyse de quelques symboliques pratiquees dans les sectes chretienne s au Zaire
245 _bMediations Africaines Du Sacre'-Celebrations Creatrices et Langage Religieux
250 _a1a ed.
260 _aKINSHASA
260 _bCentre D'Etudes Des R.A.
260 _c1987 [1° Ed.:1987 - Ed.Ling.Originale:1986]
300 _a"7 p. (prefazione: no ; testo: 7 [pagine: 409-415])"
500 _aRicerca su Alcuni Simbolismi Praticati Dalle sette Cristiane Nello Zaire.
650 _aPASTORALE E CULTURE
650 _eCodice materia Spics: 9302
942 _cBK
957 _71
999 _c64221
_d64221
999 _bSI
999 _g1